Welcome to WEB OPAC of MRSPTU Central Library

Electronic engineering material and device (Record no. 521)

MARC details
000 -LEADER
fixed length control field 00387nam a2200145Ia 4500
008 - FIXED-LENGTH DATA ELEMENTS--GENERAL INFORMATION
fixed length control field 230711s9999||||xx |||||||||||||| ||und||
041 ## - LANGUAGE CODE
Language code of text/sound track or separate title ENG
082 ## - DEWEY DECIMAL CLASSIFICATION NUMBER
Classification number 621.3
Item number AL-E
100 ## - MAIN ENTRY--PERSONAL NAME
Personal name Allison,John
245 #0 - TITLE STATEMENT
Title Electronic engineering material and device
250 ## - EDITION STATEMENT
Edition statement 3rd
260 ## - PUBLICATION, DISTRIBUTION, ETC.
Date of publication, distribution, etc. 1999
Place of publication, distribution, etc. New Delhi
Name of publisher, distributor, etc. Tata McGraw Hill Education Limited
650 ## - SUBJECT ADDED ENTRY--TOPICAL TERM
Topical term or geographic name entry element Electronics Engineering
942 ## - ADDED ENTRY ELEMENTS (KOHA)
Koha item type Book
Holdings
Withdrawn status Lost status Damaged status Not for loan Collection Home library Current library Date acquired Total checkouts Full call number Barcode Date last seen Price effective from Koha item type
          MRSPTU Central Library MRSPTU Central Library     621.3 AL-E 2477 08/17/2023 08/17/2023 Book
          MRSPTU Central Library MRSPTU Central Library     621.3 AL-E 2478 08/17/2023 08/17/2023 Book
          MRSPTU Central Library MRSPTU Central Library     621.3 AL-E 2479 08/17/2023 08/17/2023 Book
          MRSPTU Central Library MRSPTU Central Library     621.3 AL-E 2480 08/17/2023 08/17/2023 Book
          MRSPTU Central Library MRSPTU Central Library     621.3 AL-E 2481 08/17/2023 08/17/2023 Book
          MRSPTU Central Library MRSPTU Central Library     621.3 AL-E 12895 08/17/2023 08/17/2023 Book
          MRSPTU Central Library MRSPTU Central Library     621.3 AL-E 12896 08/17/2023 08/17/2023 Book
          MRSPTU Central Library MRSPTU Central Library     621.3 AL-E PBB2477 08/17/2023 08/17/2023 Book
          MRSPTU Central Library MRSPTU Central Library     621.3 AL-E PBB2478 08/17/2023 08/17/2023 Book
          MRSPTU Central Library MRSPTU Central Library     621.3 AL-E PBB2479 08/17/2023 08/17/2023 Book
          MRSPTU Central Library MRSPTU Central Library     621.3 AL-E PBB2480 08/17/2023 08/17/2023 Book
          MRSPTU Central Library MRSPTU Central Library     621.3 AL-E PBB2481 08/17/2023 08/17/2023 Book

Website Designed and Developed by MRSPTU Central Library Team

E-mail Id: librarian@mrsptu.ac.in